3 syllabes, 3 pays - Statistiques

Statistiques générales
  • Ce quiz a été pris 42 fois
  • Le résultat moyen est 5 sur 8
Statistiques - réponses
Hint Réponse % Correct
Datancu DanemarkTanzanieCuba
86%
Pévégé PérouVénézuélaGéorgie
69%
Cromolbul CroatieMoldavieBulgarie
60%
Brubanfin BruneiBangladeshFinlande
57%
Ladome LaosDominiqueMexique
57%
Nérusin NépalRussieSingapour
51%
Luporcom LuxembourgPortugalComores
46%
Tinorbré TimorOrientalNorvègeBrésil
46%
Aucun quiz correspondant
Distribution des résultats
% des personnes avec chaque résultat
Percentile par nombre de réponses
Votre historique - résultats
Vous n’avez pas pris ce quiz